Listening Assessment

Zameranie na definovanie jazykovej zručnosti počúvanie s porozumením a na problematiku hodnotenia tejto zručnosti, ktorá je jednou z najnáročnejších oblastí jazykového testovania.

Saved in:
Bibliographic Details
Main Author: Stradiotová, Eva, 1963-
Format: Book Chapter
Language:English
Subjects:
Tags: Add Tag
No Tags, Be the first to tag this record!

MARC

LEADER 00000naa a2200000 4500
001 0313810
005 20260109110725.3
041 0 |a eng 
044 |a SK 
245 1 0 |a Listening Assessment  |c Eva Stradiotová 
520 |a Zameranie na definovanie jazykovej zručnosti počúvanie s porozumením a na problematiku hodnotenia tejto zručnosti, ktorá je jednou z najnáročnejších oblastí jazykového testovania. 
610 2 0 |a jazykoveda 
610 2 0 |a jazyky cudzie 
610 2 0 |a filológia 
610 2 0 |a výučba vedecká 
610 2 0 |a hodnotenie 
610 2 0 |a testy 
610 2 0 |a testy didaktické 
610 2 0 |a kompetencie komunikačné 
610 2 0 |a kompetencie 
610 2 0 |a zručnosti 
100 1 |a Stradiotová, Eva, 1963-